01603 2200313 4500001002100000005001500021035002000036008004100056020001800097041000800115082001300123084001700136100004200153245009000195260005100285300002800336500002400364520065100388650002501039990002501064990002501089990002501114990002501139990002501164990002501189990002501214990002501239990002501264INLIS00000000000261020221102023511 a0010-0520002610221102 | | eng  a9789041126528 aeng a343.0721 a343.0721 ANT0 aAntitrust Developments in Europe 20061 aAntitrust Developments in Europe 2006 /cEdited by Roman Subiott and Robbert Snelders aNetherlands :bKluwer Law International,c2007 axviii, 246 p. ;c25 cm. aIndeks : p. 231-246 aAntitrust laws and proceedings in Europe, both at the Community and national levels, shape the European and international business landscape profoundly. It is therefore essential that business leaders and legal practitioners remain informed of the most important antitrust law developments and their effect on the business world. Antitrust Developments in Europe 2006 provides a comprehensive and practical commentary on the past year's major developments in EC and national antitrust law. Topis include : Vertical Restraints, Horizontal Agreements, Abuse of Market Power, Mergers & Acquisitions, Joint Ventures, State Aid, Policy and Procedures. 4aAntitrust Law-Europe a09541/MKRI-P/XI-2008 a09542/MKRI-P/XI-2008 a09540/MKRI-P/XI-2008 a09541/MKRI-P/XI-2008 a09542/MKRI-P/XI-2008 a09540/MKRI-P/XI-2008 a09542/MKRI-P/XI-2008 a09541/MKRI-P/XI-2008 a09540/MKRI-P/XI-2008